[Event "World Rapid Championship"]
[Site "Berlin GER"]
[Date "2015.10.11"]
[EventDate "2015.10.10"]
[Round "10.9"]
[Result "1-0"]
[White "Leinier Dominguez Perez"]
[Black "Pavel Ponkratov"]
[WhiteElo "2732"]
[BlackElo "2604"]
[PlyCount "107"]

1. e4 e6 2. d4 d5 3. Nd2 c5 4. Ngf3 Nc6 5. exd5 exd5 6. Bb5
Bd6 7. O-O Ne7 8. dxc5 Bxc5 9. Nb3 Bd6 10. Re1 O-O 11. h3 a6
12. Bd3 h6 13. c3 Bf5 14. Bxf5 Nxf5 15. Qd3 Qd7 16. Be3 Rfe8
17. Bc5 Bc7 18. Rad1 Rxe1+ 19. Rxe1 Rd8 20. Rd1 Qe6 21. Re1
Qf6 22. Bd4 Qg6 23. Qd1 Nd6 24. Ne5 Qf5 25. Nxc6 bxc6 26. Nc5
Ne4 27. Nxe4 dxe4 28. Qg4 Qxg4 29. hxg4 Re8 30. b4 g6 31. Be3
f5 32. gxf5 gxf5 33. g3 Be5 34. c4 Rb8 35. Rb1 h5 36. a4 Kf7
37. Kg2 h4 38. Bf4 Ke6 39. Bxe5 Kxe5 40. gxh4 Kd4 41. b5 c5
42. Kg3 Kxc4 43. Kf4 axb5 44. axb5 Kd3 45. Kxf5 Kc2 46. Rh1
Rxb5 47. Kxe4 c4 48. h5 c3 49. h6 Rb8 50. h7 Rh8 51. Kf5 Kd3
52. Kg6 Ke2 53. Kg7 Rc8 54. h8=Q 1-0

[Event "World Blitz Championship"]
[Site "Berlin GER"]
[Date "2015.10.13"]
[EventDate "2015.10.13"]
[Round "1.27"]
[Result "0-1"]
[White "Dariusz Swiercz"]
[Black "Leinier Dominguez Perez"]
[WhiteElo "2620"]
[BlackElo "2732"]
[PlyCount "140"]

1. d4 d5 2. c4 dxc4 3. Nf3 Nf6 4. e3 e6 5. Bxc4 a6 6. Qe2 c5
7. dxc5 Bxc5 8. O-O Nc6 9. a3 Bd6 10. Rd1 Qe7 11. Nc3 O-O
12. e4 Ng4 13. h3 Nge5 14. Nxe5 Bxe5 15. Be3 b5 16. Ba2 Bb7
17. Rac1 Rfd8 18. f4 Bd4 19. Bb1 Bxe3+ 20. Qxe3 Na5 21. Ba2
Rxd1+ 22. Rxd1 Rd8 23. Qb6 Rxd1+ 24. Nxd1 Nc6 25. Nc3 Qd7
26. Kh2 h6 27. Bb1 Nd4 28. e5 Nf5 29. Bxf5 exf5 30. Qf2 Qd3
31. Qg3 Qc4 32. b4 Bc6 33. Nd1 Kh7 34. Ne3 Qd3 35. Kg1 Be4
36. Nf1 Qb1 37. Qf2 Bd3 38. g3 Qa1 39. Kg2 Bxf1+ 40. Qxf1 Qxa3
41. Qb1 g6 42. h4 h5 43. Kh2 Qc3 44. Qa2 Qc4 45. Qxa6 Qxb4
46. Qb7 Qc4 47. e6 Qe2+ 48. Kh3 Qxe6 49. Qxb5 Qa2 50. Qe5 Qa8
51. Kh2 Qa2+ 52. Kh3 Qb1 53. Kh2 Qc2+ 54. Kg1 Qa2 55. Qf6 Qd5
56. Kh2 Kg8 57. Qb6 Kf8 58. Qb8+ Ke7 59. Qc7+ Ke6 60. Qc8+ Kd6
61. Kg1 Qc5+ 62. Qxc5+ Kxc5 63. Kf2 Kd4 64. Kf3 Kd3 65. Kf2
Kd2 66. Kf3 Ke1 67. Ke3 Kf1 68. Kd4 Kg2 69. Ke5 Kxg3 70. Kf6
Kxf4 0-1

[Event "World Blitz Championship"]
[Site "Berlin GER"]
[Date "2015.10.13"]
[EventDate "2015.10.13"]
[Round "3.8"]
[Result "1/2-1/2"]
[White "Zhong Zhang"]
[Black "Leinier Dominguez Perez"]
[WhiteElo "2619"]
[BlackElo "2732"]
[PlyCount "105"]

1. e4 d6 2. d4 Nf6 3. Nc3 g6 4. Bg5 h6 5. Bh4 Bg7 6. f4 c5
7. e5 Nh5 8. dxc5 dxe5 9. Qxd8+ Kxd8 10. O-O-O+ Bd7 11. fxe5
Bxe5 12. Nd5 g5 13. Bf2 e6 14. Nf3 Bg7 15. Nb4 Ke7 16. Bc4 Nc6
17. a3 Rhd8 18. Rhe1 Kf8 19. Rd6 Be8 20. Red1 Rdc8 21. g3 Nf6
22. Re1 Ng4 23. Bg1 Nge5 24. Be2 Ne7 25. Nxe5 Bxe5 26. Rdd1 a5
27. Nd3 Bg7 28. Bf3 Bc6 29. Bh5 Nd5 30. Ne5 Bxe5 31. Rxe5 Nf6
32. Be2 Rd8 33. Rf1 Ke7 34. Bd3 Rd5 35. Re2 Nd7 36. Ref2 f5
37. b4 axb4 38. axb4 Ra1+ 39. Kb2 Rxf1 40. Rxf1 Ne5 41. Be2
Rd2 42. Re1 Bf3 43. Bb5 Bc6 44. Bxc6 Nxc6 45. Kc3 Rd5 46. b5
Ne5 47. Ra1 Nf3 48. Be3 Kd7 49. Ra7 Kc8 50. Ra8+ Kd7 51. Ra7
Kc8 52. Ra8+ Kd7 53. Ra7 1/2-1/2

[Event "World Blitz Championship"]
[Site "Berlin GER"]
[Date "2015.10.13"]
[EventDate "2015.10.13"]
[Round "4.9"]
[Result "1/2-1/2"]
[White "Leinier Dominguez Perez"]
[Black "Francisco Vallejo Pons"]
[WhiteElo "2732"]
[BlackElo "2684"]
[PlyCount "40"]

1. e4 c5 2. c4 Nc6 3. Nc3 g6 4. g3 Bg7 5. Bg2 e6 6. Nge2 Nge7
7. O-O d6 8. d3 O-O 9. Rb1 b6 10. Be3 Nd4 11. Qd2 Nec6 12. Bh6
Bd7 13. Bxg7 Kxg7 14. f4 Rb8 15. Nxd4 Nxd4 16. b4 f5 17. Ne2
Qf6 18. a3 Nxe2+ 19. Qxe2 Qd4+ 20. Qf2 Qxf2+ 1/2-1/2

[Event "World Blitz Championship"]
[Site "Berlin GER"]
[Date "2015.10.13"]
[EventDate "2015.10.13"]
[Round "5.15"]
[Result "1/2-1/2"]
[White "Ilja Schneider"]
[Black "Leinier Dominguez Perez"]
[WhiteElo "2481"]
[BlackElo "2732"]
[PlyCount "107"]

1. d4 d5 2. c4 dxc4 3. Nf3 Nf6 4. e3 e6 5. Bxc4 a6 6. O-O c5
7. Bb3 Be7 8. Nc3 O-O 9. d5 exd5 10. Nxd5 Nxd5 11. Qxd5 Qxd5
12. Bxd5 Nd7 13. a4 Nf6 14. Bc4 Ne4 15. b3 Be6 16. Bxe6 fxe6
17. Bb2 Rad8 18. Rfd1 Bf6 19. Bxf6 gxf6 20. Kf1 Kf7 21. Rac1
b5 22. axb5 axb5 23. Ke1 Rxd1+ 24. Rxd1 Ra8 25. Rd7+ Ke8
26. Rxh7 Ra1+ 27. Ke2 Ra2+ 28. Ke1 c4 29. bxc4 bxc4 30. Rc7 c3
31. Nd4 e5 32. f3 exd4 33. fxe4 Rxg2 34. exd4 c2 35. h4 Rh2
36. h5 Kd8 37. Rc5 Kd7 38. h6 Rh4 39. Rxc2 Rxe4+ 40. Re2 Rh4
41. Rf2 Rxh6 42. Ke2 Ke6 43. Kd3 f5 44. Kc4 Rh1 45. Re2+ Kf6
46. d5 Rd1 47. Kc5 f4 48. d6 Kf5 49. Kc6 f3 50. Rf2 Kf4 51. d7
Kg3 52. Rxf3+ Kxf3 53. Kc7 Rxd7+ 54. Kxd7 1/2-1/2

[Event "World Blitz Championship"]
[Site "Berlin GER"]
[Date "2015.10.13"]
[EventDate "2015.10.13"]
[Round "6.17"]
[Result "1-0"]
[White "Leinier Dominguez Perez"]
[Black "Yuriy Kryvoruchko"]
[WhiteElo "2732"]
[BlackElo "2710"]
[PlyCount "133"]

1. e4 e5 2. Nf3 Nc6 3. Bb5 a6 4. Ba4 Nf6 5. Nc3 b5 6. Bb3 Bc5
7. O-O d6 8. Nd5 h6 9. c3 O-O 10. d4 Ba7 11. Nxf6+ Qxf6
12. Bd5 Bb7 13. Be3 Qe7 14. a4 Bb6 15. dxe5 Bxe3 16. exd6
Bxf2+ 17. Rxf2 Qxd6 18. Nh4 Na5 19. Qg4 Bxd5 20. Nf5 Qf6
21. exd5 Qg5 22. Qxg5 hxg5 23. axb5 axb5 24. Ne7+ Kh7 25. b4
Nc4 26. Rxa8 Rxa8 27. Rxf7 Nd6 28. Rf3 g6 29. h3 Ra1+ 30. Kh2
Re1 31. Nc6 Rd1 32. Nd4 Kh6 33. Rf8 Rd3 34. Ne6 Kh7 35. Nxg5+
Kg7 36. Ne6+ Kh7 37. Nxc7 Rxc3 38. Ne6 Rd3 39. Ng5+ Kg7
40. Ne6+ Kh7 41. Rd8 Rxd5 42. Nc7 Rd4 43. Ne8 Nf5 44. Rxd4
Nxd4 45. Nc7 Nc2 46. Nd5 Kg7 47. Kg3 Kf7 48. Kf4 Ke6 49. Ke4
Kd6 50. h4 Ke6 51. g4 Kf7 52. Kd3 Ne1+ 53. Kd4 Nf3+ 54. Kc5
Nxh4 55. Kxb5 Nf3 56. Kc5 Ne5 57. b5 Ke6 58. Ne3 Kd7 59. Kd5
Nd3 60. Nc4 Kc7 61. Ke6 g5 62. Kf5 Nf2 63. Kxg5 Ne4+ 64. Kg6
Nc3 65. b6+ Kc6 66. g5 Nd5 67. Kh7 1-0

[Event "World Blitz Championship"]
[Site "Berlin GER"]
[Date "2015.10.13"]
[EventDate "2015.10.13"]
[Round "7.11"]
[Result "1/2-1/2"]
[White "Andrei Volokitin"]
[Black "Leinier Dominguez Perez"]
[WhiteElo "2639"]
[BlackElo "2732"]
[PlyCount "75"]

1. e4 d6 2. d4 Nf6 3. Nc3 g6 4. Nf3 Bg7 5. Be2 O-O 6. O-O Bg4
7. Be3 Nc6 8. h3 Bxf3 9. Bxf3 e5 10. dxe5 dxe5 11. Be2 Nd4
12. Bc4 c6 13. a4 Qe7 14. Qb1 Nh5 15. Ne2 Nxe2+ 16. Bxe2 Nf4
17. Bf3 Rfd8 18. Qa2 h5 19. Rfd1 Ne6 20. c3 Kh7 21. b4 Bh6
22. Rxd8 Qxd8 23. Rd1 Qe7 24. Bxh6 Kxh6 25. Qd2+ Kg7 26. Qd7
Kf8 27. a5 Rd8 28. Qxe7+ Kxe7 29. Rxd8 Kxd8 30. Be2 Ke7 31. h4
b6 32. axb6 axb6 33. g3 c5 34. b5 Nc7 35. Bc4 Ne8 36. Bd5 Nd6
37. c4 f6 38. f4 1/2-1/2

[Event "World Blitz Championship"]
[Site "Berlin GER"]
[Date "2015.10.13"]
[EventDate "2015.10.13"]
[Round "8.10"]
[Result "1/2-1/2"]
[White "Leinier Dominguez Perez"]
[Black "Rustam Mashrukovich Kasimdzhanov"]
[WhiteElo "2732"]
[BlackElo "2704"]
[PlyCount "52"]

1. e4 e5 2. Nf3 Nc6 3. Bb5 a6 4. Ba4 Nf6 5. Nc3 Bc5 6. O-O b5
7. Bb3 O-O 8. d3 h6 9. Nd5 d6 10. c3 Rb8 11. d4 Ba7 12. Be3
Ng4 13. a4 b4 14. a5 bxc3 15. bxc3 exd4 16. cxd4 Nxa5 17. Rxa5
c6 18. Ra1 cxd5 19. Bxd5 Nf6 20. Bc4 Nxe4 21. Bxa6 Bxa6
22. Rxa6 Bb6 23. Qd3 Re8 24. h3 Bc7 25. Rc1 d5 26. Rac6 Bd6
1/2-1/2

[Event "World Blitz Championship"]
[Site "Berlin GER"]
[Date "2015.10.13"]
[EventDate "2015.10.13"]
[Round "9.15"]
[Result "0-1"]
[White "Grzegorz Gajewski"]
[Black "Leinier Dominguez Perez"]
[WhiteElo "2654"]
[BlackElo "2732"]
[PlyCount "84"]

1. c4 c5 2. g3 g6 3. Bg2 Bg7 4. Nc3 Nc6 5. Nf3 d6 6. O-O e6
7. e3 Nge7 8. d4 O-O 9. Rb1 Re8 10. b3 cxd4 11. exd4 d5
12. Ba3 b6 13. Nb5 Nf5 14. g4 a6 15. Nc7 Qxc7 16. gxf5 Qf4
17. fxg6 hxg6 18. Bc1 Qd6 19. Be3 Bb7 20. Ng5 Ne7 21. Qg4 Nf5
22. Qh3 Qd7 23. Rfe1 b5 24. Qh7+ Kf8 25. Bd2 a5 26. cxb5 Ke7
27. Qh3 Qxb5 28. Rbc1 Rac8 29. a4 Qb6 30. Qd3 Bxd4 31. Re2 Ba6
32. Qh3 Rxc1+ 33. Bxc1 Bxe2 34. Qh7 Bg7 35. Ba3+ Kd7 36. Nxf7
Qd4 37. h3 Qa1+ 38. Kh2 Qxa3 39. Qxg6 Qb4 40. Qg5 Rf8 41. Qg6
Qf4+ 42. Kg1 Rc8 0-1

[Event "World Blitz Championship"]
[Site "Berlin GER"]
[Date "2015.10.13"]
[EventDate "2015.10.13"]
[Round "10.8"]
[Result "1-0"]
[White "Leinier Dominguez Perez"]
[Black "Milos Perunovic"]
[WhiteElo "2732"]
[BlackElo "2622"]
[PlyCount "129"]

1. e4 c5 2. c4 Nc6 3. Nc3 g6 4. g3 Bg7 5. Bg2 d6 6. Nge2 Nf6
7. d3 O-O 8. O-O a6 9. Rb1 Rb8 10. a4 Nd4 11. b4 Nxe2+
12. Nxe2 Nd7 13. Be3 a5 14. bxc5 dxc5 15. f4 b6 16. e5 Bb7
17. Bxb7 Rxb7 18. Nc3 Nb8 19. Qe2 Nc6 20. Rfd1 Nb4 21. Ne4 Rd7
22. Nf2 f6 23. exf6 exf6 24. Qf1 f5 25. Rd2 Re8 26. Re2 Nxd3
27. Nxd3 Rxd3 28. Bf2 Rxe2 29. Qxe2 Rd6 30. Re1 Kf7 31. Qf3
Qd7 32. Qa8 Bf6 33. h4 h5 34. Re2 Qxa4 35. Qb7+ Qd7 36. Qa8
Re6 37. Rxe6 Qxe6 38. Qb7+ Be7 39. Kg2 Qxc4 40. Qxb6 Qd5+
41. Kg1 c4 42. Bd4 a4 43. Qa7 a3 44. Kh2 a2 45. Bc3 Qd3
46. Bb4 Qe2+ 47. Kh3 Qf1+ 48. Kh2 Qe2+ 49. Kh3 Kf8 50. Bxe7+
Qxe7 51. Qxa2 Qc5 52. Qa8+ Ke7 53. Qb7+ Ke6 54. Qa6+ Kf7
55. Qb7+ Ke8 56. Qa8+ Kd7 57. Qb7+ Kd6 58. Qa6+ Qc6 59. Qa3+
Kc7 60. Qa7+ Kd6 61. Qd4+ Ke6 62. Qe3+ Kf7 63. Qa7+ Ke6
64. Qe3+ Kd5 65. Qe5# 1-0

[Event "World Blitz Championship"]
[Site "Berlin GER"]
[Date "2015.10.13"]
[EventDate "2015.10.13"]
[Round "11.3"]
[Result "0-1"]
[White "Tigran Levonovich Petrosian"]
[Black "Leinier Dominguez Perez"]
[WhiteElo "2625"]
[BlackElo "2732"]
[PlyCount "206"]

1. Nf3 d5 2. g3 c6 3. Bg2 Bg4 4. c4 e6 5. O-O Nd7 6. cxd5 cxd5
7. Nc3 Ngf6 8. Qb3 Nc5 9. Qb5+ Nfd7 10. d4 a6 11. Qb4 Bxf3
12. Bxf3 Ne4 13. Qxb7 Nd6 14. Qb3 Be7 15. e4 dxe4 16. Nxe4 Nf5
17. Rd1 O-O 18. d5 Rb8 19. Qc2 Qb6 20. dxe6 Ne5 21. exf7+ Rxf7
22. Bg2 Nd4 23. Qa4 Ne2+ 24. Kh1 Ng4 25. Be3 Qxb2 26. Qc4 Qb5
27. Qxb5 axb5 28. Bf1 Nxe3 29. fxe3 Bf6 30. Bxe2 Bxa1 31. Rxa1
Re7 32. Bf3 b4 33. Rb1 Ra7 34. Rb2 Ra3 35. Re2 Re8 36. Nd6
Rexe3 37. Bd5+ Kh8 38. Rf2 g6 39. g4 Rad3 40. Bc4 Rxd6 41. g5
Rd8 42. Kg2 Re5 43. h4 Re4 44. Bb3 Rxh4 45. Kg3 Rhd4 46. Rf7
R4d7 47. Rf6 Rd6 48. Rf7 Rc6 49. Rb7 Rc3+ 50. Kf4 Rcd3 51. Ke5
Re8+ 52. Kf4 Rd4+ 53. Kf3 Rc8 54. Kg3 Rc3+ 55. Kf2 Rf4+
56. Ke2 Rc8 57. Rb5 Rf5 58. Rxb4 Rxg5 59. a4 Rd8 60. Rb7 Re5+
61. Kf3 Rd3+ 62. Kf4 Rf5+ 63. Ke4 Rd8 64. Bc4 h5 65. Bb5 Rdf8
66. a5 Rf4+ 67. Ke5 R8f5+ 68. Ke6 Rb4 69. a6 Rfxb5 70. a7 Ra5
71. Rxb4 Rxa7 72. Kf6 Kh7 73. Kg5 Ra5+ 74. Kh4 Kh6 75. Rb6
Ra4+ 76. Kh3 h4 77. Rb8 Kh5 78. Rb5+ g5 79. Rc5 Ra3+ 80. Kh2
h3 81. Rc4 Rb3 82. Ra4 g4 83. Ra8 Rb2+ 84. Kg1 Kh4 85. Ra3 Rc2
86. Rb3 Kg5 87. Rb5+ Kh4 88. Rb3 Re2 89. Rc3 Kg5 90. Rc5+ Kf4
91. Rc3 Re3 92. Rc2 g3 93. Rc1 Rd3 94. Rf1+ Ke3 95. Re1+ Kf3
96. Kh1 Re3 97. Rf1+ Ke2 98. Kg1 Rd3 99. Kh1 Rd1 100. Rg1
Rxg1+ 101. Kxg1 Kf3 102. Kh1 g2+ 103. Kg1 h2+ 0-1

[Event "World Blitz Championship"]
[Site "Berlin GER"]
[Date "2015.10.14"]
[EventDate "2015.10.13"]
[Round "13.3"]
[Result "1/2-1/2"]
[White "Levon Aronian"]
[Black "Leinier Dominguez Perez"]
[WhiteElo "2784"]
[BlackElo "2732"]
[PlyCount "48"]

1. c4 c5 2. Nf3 Nf6 3. Nc3 Nc6 4. g3 d5 5. d4 e6 6. cxd5 Nxd5
7. e4 Nxc3 8. bxc3 cxd4 9. cxd4 Bb4+ 10. Bd2 Bxd2+ 11. Qxd2
Qa5 12. Qxa5 Nxa5 13. Rc1 Bd7 14. Ne5 Ba4 15. Kd2 Nc6 16. Nf3
Ke7 17. Rc4 Bb5 18. Rc3 Bxf1 19. Rxf1 Rac8 20. Rfc1 Rhd8
21. Ke3 f6 22. Rc5 Kd7 23. h4 b6 24. R5c3 Ne7 1/2-1/2

[Event "World Blitz Championship"]
[Site "Berlin GER"]
[Date "2015.10.14"]
[EventDate "2015.10.13"]
[Round "14.4"]
[Result "0-1"]
[White "Leinier Dominguez Perez"]
[Black "Sergey Karjakin"]
[WhiteElo "2732"]
[BlackElo "2762"]
[PlyCount "124"]

1. e4 e5 2. Nf3 Nc6 3. Bb5 a6 4. Ba4 Nf6 5. O-O Be7 6. Re1 b5
7. Bb3 d6 8. a4 b4 9. d4 O-O 10. dxe5 dxe5 11. Nbd2 Bc5
12. Qe2 h6 13. h3 Qe7 14. Nc4 Be6 15. Be3 Nd7 16. a5 Bxe3
17. Nxe3 Bxb3 18. cxb3 Nd4 19. Nxd4 exd4 20. Nf5 Qf6 21. Nxd4
Rfe8 22. Nf3 Nc5 23. Qc4 Ne6 24. e5 Qe7 25. Red1 Reb8 26. Rd5
c5 27. Rad1 Ra7 28. Rd6 Rb5 29. Rxa6 Rxa5 30. Rxa5 Rxa5
31. Qd5 g6 32. g3 Kg7 33. Kg2 Ra2 34. Rd2 Ra1 35. Rd1 Ra2
36. Rd2 Ra1 37. h4 h5 38. Qe4 Rc1 39. Rd6 Ra1 40. Qd5 Ra7
41. Qd2 Qb7 42. Qd5 Qxd5 43. Rxd5 Ra2 44. Rd2 Ra1 45. Rd7 Kf8
46. Nd2 Ke8 47. Rb7 Re1 48. Nc4 Kf8 49. f4 Re2+ 50. Kf1 Nd4
51. Nd6 Rxb2 52. Rxf7+ Kg8 53. Rb7 Rxb3 54. Ne4 c4 55. Rb8+
Kf7 56. Nd6+ Ke6 57. Nxc4 Kd5 58. Nb6+ Ke4 59. e6 Kf3 60. Ke1
Rd3 61. Rd8 Nc2+ 62. Kf1 Rxd8 0-1

[Event "World Blitz Championship"]
[Site "Berlin GER"]
[Date "2015.10.14"]
[EventDate "2015.10.13"]
[Round "15.8"]
[Result "1/2-1/2"]
[White "Ehsan Ghaem Maghami"]
[Black "Leinier Dominguez Perez"]
[WhiteElo "2596"]
[BlackElo "2732"]
[PlyCount "31"]

1. c4 c5 2. Nf3 Nf6 3. Nc3 Nc6 4. e3 e6 5. d4 d5 6. a3 Ne4
7. Qc2 Nxc3 8. Qxc3 cxd4 9. Nxd4 Nxd4 10. Qxd4 dxc4 11. Qxd8+
Kxd8 12. Bxc4 Bd7 13. Ke2 Bc6 14. Rd1+ Kc7 15. Bd2 Be7
16. Rac1 1/2-1/2

[Event "World Blitz Championship"]
[Site "Berlin GER"]
[Date "2015.10.14"]
[EventDate "2015.10.13"]
[Round "16.6"]
[Result "1/2-1/2"]
[White "Leinier Dominguez Perez"]
[Black "Peter Svidler"]
[WhiteElo "2732"]
[BlackElo "2727"]
[PlyCount "100"]

1. e4 e5 2. Nf3 Nc6 3. Bb5 a6 4. Ba4 Nf6 5. O-O Be7 6. Re1 b5
7. Bb3 O-O 8. a4 b4 9. d4 d6 10. dxe5 dxe5 11. Nbd2 Bc5
12. Qe2 Qe7 13. h3 h6 14. Nc4 a5 15. Be3 Ba6 16. Bxc5 Qxc5
17. Qe3 Qe7 18. Ncd2 Rfd8 19. Bc4 Bxc4 20. Nxc4 Nd4 21. Rac1
Nxf3+ 22. Qxf3 Rd4 23. b3 Qc5 24. Qf5 Re8 25. Rcd1 Re6
26. Rxd4 Qxd4 27. Nxa5 Qc3 28. Re2 Rd6 29. Nc4 Rd1+ 30. Kh2
Qa1 31. Qc8+ Kh7 32. Qf5+ Kg8 33. Rd2 Rxd2 34. Nxd2 Qc3
35. Qc8+ Kh7 36. Qf5+ Kg8 37. Nc4 Qxc2 38. a5 Qxb3 39. a6 Qa2
40. Qc8+ Kh7 41. Nxe5 b3 42. Qf5+ Kg8 43. Qc8+ Kh7 44. Nxf7
Qxf2 45. Qh8+ Kg6 46. Ne5+ Kh5 47. Qxg7 Qf4+ 48. Kh1 Qf1+
49. Kh2 Qf4+ 50. Kh1 Qf1+ 1/2-1/2

[Event "World Blitz Championship"]
[Site "Berlin GER"]
[Date "2015.10.14"]
[EventDate "2015.10.13"]
[Round "17.9"]
[Result "1/2-1/2"]
[White "Anton Korobov"]
[Black "Leinier Dominguez Perez"]
[WhiteElo "2700"]
[BlackElo "2732"]
[PlyCount "125"]

1. d4 d5 2. c4 dxc4 3. e4 e5 4. Nf3 Nf6 5. Nc3 exd4 6. Qxd4
Qxd4 7. Nxd4 Bc5 8. Ndb5 Na6 9. Bf4 c6 10. Nd6+ Bxd6 11. Bxd6
Be6 12. f3 O-O-O 13. O-O-O Nd7 14. Be2 f6 15. Rd2 Ndc5 16. e5
f5 17. Rhd1 b5 18. f4 b4 19. Nb1 Ne4 20. Rc2 Nxd6 21. exd6 c5
22. Bxc4 Bxc4 23. Rxc4 Kb7 24. a3 Kc6 25. axb4 Nxb4 26. d7 Nd5
27. Ra4 Rxd7 28. Nc3 Nxc3 29. Ra6+ Kb5 30. Rxd7 Ne2+ 31. Kd2
Kxa6 32. Kxe2 g6 33. Kd3 Rb8 34. Kc3 Rb7 35. Rd6+ Kb5 36. Re6
Rd7 37. g3 a5 38. b3 Rc7 39. Re5 Ra7 40. Re8 a4 41. Rb8+ Kc6
42. bxa4 Rxa4 43. Rh8 Ra3+ 44. Kc4 Ra4+ 45. Kc3 Kd5 46. Rxh7
Ra3+ 47. Kb2 Rf3 48. Rg7 Kc4 49. Rxg6 Rf2+ 50. Ka3 Rxh2
51. Rg5 Rg2 52. Rxf5 Rxg3+ 53. Kb2 Rg2+ 54. Kc1 Kb4 55. Re5 c4
56. Re3 Rf2 57. Kb1 Rxf4 58. Rh3 Rf2 59. Rg3 Kc5 60. Kc1 Kd4
61. Rh3 Re2 62. Rg3 Rh2 63. Rf3 1/2-1/2

[Event "World Blitz Championship"]
[Site "Berlin GER"]
[Date "2015.10.14"]
[EventDate "2015.10.13"]
[Round "18.9"]
[Result "1/2-1/2"]
[White "Leinier Dominguez Perez"]
[Black "Eduardo Patricio Iturrizaga Bonelli"]
[WhiteElo "2732"]
[BlackElo "2641"]
[PlyCount "63"]

1. e4 c5 2. c4 g6 3. Nc3 Bg7 4. g3 Nc6 5. Bg2 e6 6. Nge2 Nge7
7. d3 d6 8. O-O O-O 9. Rb1 b6 10. Be3 Nd4 11. Qd2 Bb7 12. Bh6
Nec6 13. Bxg7 Kxg7 14. Nxd4 Nxd4 15. f4 Qd7 16. Ne2 Nxe2+
17. Qxe2 Rae8 18. Rbe1 d5 19. cxd5 exd5 20. e5 f6 21. e6 Qa4
22. f5 Qd4+ 23. Rf2 gxf5 24. Bh3 f4 25. Qh5 fxg3 26. hxg3 Re7
27. Bf5 Kg8 28. Kf1 Ba6 29. Rd1 Rc8 30. Rh2 Rcc7 31. Rdd2 Bb5
32. Qf3 1/2-1/2

[Event "World Blitz Championship"]
[Site "Berlin GER"]
[Date "2015.10.14"]
[EventDate "2015.10.13"]
[Round "19.7"]
[Result "1/2-1/2"]
[White "Leinier Dominguez Perez"]
[Black "Viswanathan Anand"]
[WhiteElo "2732"]
[BlackElo "2803"]
[PlyCount "92"]

1. e4 c5 2. c4 Nc6 3. Nc3 g6 4. g3 Bg7 5. Bg2 Nf6 6. Nge2 O-O
7. d3 d6 8. O-O a6 9. Rb1 Rb8 10. a4 Ne8 11. Be3 Bg4 12. f3
Bd7 13. d4 b6 14. b3 Nc7 15. d5 Na5 16. Qd3 b5 17. axb5 axb5
18. f4 Qc8 19. e5 bxc4 20. bxc4 Qa6 21. Rxb8 Rxb8 22. Ra1 Qxc4
23. Qxc4 Nxc4 24. Ra7 Nxe3 25. Rxc7 Rd8 26. e6 fxe6 27. dxe6
Bc8 28. Nd5 Nxd5 29. Bxd5 Kf8 30. Kf2 Ba6 31. Ra7 Bb5 32. Ke3
Rb8 33. g4 Bf6 34. g5 Bg7 35. h4 Rc8 36. Rb7 Be8 37. Ng3 c4
38. f5 Be5 39. f6 exf6 40. Ne4 c3 41. gxf6 Bxf6 42. Nxf6 c2
43. Nxh7+ Kg8 44. Nf6+ Kf8 45. Nh7+ Kg8 46. Nf6+ Kf8 1/2-1/2

[Event "World Blitz Championship"]
[Site "Berlin GER"]
[Date "2015.10.14"]
[EventDate "2015.10.13"]
[Round "20.13"]
[Result "1/2-1/2"]
[White "Stanislav Bogdanovich"]
[Black "Leinier Dominguez Perez"]
[WhiteElo "2590"]
[BlackElo "2732"]
[PlyCount "169"]

1. e4 d6 2. d4 Nf6 3. Bd3 e5 4. dxe5 dxe5 5. Nf3 Nbd7 6. O-O
Be7 7. Nbd2 c6 8. c3 O-O 9. Bc2 Qc7 10. Qe2 a5 11. Rd1 a4
12. Nf1 Nc5 13. Ng3 Re8 14. h3 b5 15. Be3 Be6 16. Nf5 Bf8
17. Ng5 Bxf5 18. exf5 h6 19. Bxc5 Bxc5 20. Ne4 Be7 21. Nxf6+
Bxf6 22. Be4 Rad8 23. Qf3 Rxd1+ 24. Rxd1 Rc8 25. Rd3 c5
26. Qd1 Rd8 27. a3 Rxd3 28. Qxd3 c4 29. Qd5 Qd8 30. Qxb5 Qd1+
31. Kh2 Qd2 32. Qxc4 Qxf2 33. Bf3 Bg5 34. Qe2 Bf4+ 35. Kh1 Qg3
36. Kg1 Qh2+ 37. Kf2 Qg3+ 38. Kf1 Qh2 39. Qb5 Qh1+ 40. Ke2 Qc1
41. Qb4 Qd2+ 42. Kf1 Be3 43. Qh4 Qxb2 44. Qe1 Bc5 45. Qxe5
Qc1+ 46. Ke2 Qc2+ 47. Ke1 Qc1+ 48. Ke2 Qxa3 49. Qe8+ Kh7
50. Bd5 Qb2+ 51. Kd3 Qb1+ 52. Kc4 Bf2 53. Bxf7 Qb3+ 54. Kd3
Qd1+ 55. Kc4 Qb3+ 56. Kd3 Qd1+ 57. Ke4 Qe2+ 58. Kf4 Qxe8
59. Bxe8 a3 60. Bf7 Bc5 61. Ke4 h5 62. Ba2 Kh6 63. h4 Bf2
64. c4 Bxh4 65. c5 Bd8 66. Ke5 Kg5 67. c6 Bc7+ 68. Ke6 h4
69. Kd7 Bf4 70. c7 Bxc7 71. Kxc7 Kxf5 72. Kd6 g5 73. Kd5 g4
74. Kd4 Kf4 75. Kc3 Ke5 76. Bc4 a2 77. Kb2 Kd4 78. Be2 h3
79. gxh3 gxh3 80. Bf3 Ke3 81. Bc6 Kf2 82. Kxa2 h2 83. Kb3 Kg1
84. Kc3 h1=Q 85. Bxh1 1/2-1/2

[Event "IMSA Elite Mind Games (Blitz)"]
[Site "Huai'an CHN"]
[Date "2016.02.28"]
[EventDate "2016.02.28"]
[Round "1.7"]
[Result "1-0"]
[White "Leinier Dominguez Perez"]
[Black "Vassily Ivanchuk"]
[WhiteElo "2732"]
[BlackElo "2710"]
[PlyCount "125"]

1. e4 e6 2. d4 d5 3. Nd2 Nf6 4. e5 Nfd7 5. Bd3 c5 6. c3 Nc6
7. Ngf3 a5 8. O-O a4 9. Re1 h6 10. a3 Nb6 11. Nf1 Bd7 12. Ng3
Rc8 13. dxc5 Bxc5 14. Nh5 Kf8 15. Be3 Be7 16. Qe2 Na5 17. Rad1
Nbc4 18. Bxc4 Nxc4 19. Bc1 g6 20. Nf4 Kg7 21. Nd4 h5 22. Nd3
Qb6 23. Qf3 Rcf8 24. Nf4 Qd8 25. Nd3 Kh7 26. Qe2 Kg7 27. Nb4
Bc5 28. Nbc2 Be7 29. Ne3 b5 30. Nxc4 bxc4 31. Bf4 Qb6 32. Qd2
Rb8 33. Bg5 Qd8 34. Bxe7 Qxe7 35. Re2 Rb7 36. Qf4 Rhb8 37. Qc1
Be8 38. g3 Rb6 39. h4 Bd7 40. Rdd2 Be8 41. Qd1 Bd7 42. Qc1 Be8
43. Nf3 Bd7 44. Rc2 Be8 45. Qf4 Bd7 46. Nd4 Be8 47. Kh2 Bd7
48. Rcd2 Rh8 49. Kg2 Rbb8 50. Re3 Rb6 51. Rf3 Rhb8 52. Qe3
Rxb2 53. Rxb2 Rxb2 54. Rf6 Qxa3 55. g4 Rb1 56. gxh5 Qc1
57. h6+ Kf8 58. Qxc1 Rxc1 59. h7 Kg7 60. Rxf7+ Kh8 61. Rxd7 a3
62. Ra7 Rxc3 63. Nxe6 1-0

[Event "IMSA Elite Mind Games (Blitz)"]
[Site "Huai'an CHN"]
[Date "2016.02.28"]
[EventDate "2016.02.28"]
[Round "2.3"]
[Result "1/2-1/2"]
[White "Rauf Mamedov"]
[Black "Leinier Dominguez Perez"]
[WhiteElo "2650"]
[BlackElo "2732"]
[PlyCount "86"]

1. e4 d6 2. d4 Nf6 3. Nc3 g6 4. f3 Bg7 5. Be3 Nbd7 6. Qd2 c5
7. O-O-O Qa5 8. Kb1 a6 9. dxc5 dxc5 10. Bh6 Bxh6 11. Qxh6 Ne5
12. Qf4 Qc7 13. g4 Be6 14. Nh3 O-O 15. Ng5 Rac8 16. Qg3 h6
17. Nxe6 fxe6 18. f4 Nc6 19. e5 Nh7 20. Bd3 Kg7 21. Rhe1 Rcd8
22. f5 Nd4 23. f6+ Kh8 24. g5 hxg5 25. Bxg6 exf6 26. Qh3 f5
27. Rg1 g4 28. Qh4 Qg7 29. Bxh7 Qxh7 30. Qf2 Qh5 31. h3 g3
32. Qxg3 Rg8 33. Qf2 Rxg1 34. Rxg1 Rg8 35. Rxg8+ Kxg8 36. Qg2+
Kf8 37. Qxb7 Qxh3 38. Qc8+ Kf7 39. a4 Qf1+ 40. Ka2 Qc4+
41. Kb1 Qf1+ 42. Ka2 Qc4+ 43. Kb1 Qf1+ 1/2-1/2

[Event "IMSA Elite Mind Games (Blitz)"]
[Site "Huai'an CHN"]
[Date "2016.02.28"]
[EventDate "2016.02.28"]
[Round "3.6"]
[Result "1/2-1/2"]
[White "Leinier Dominguez Perez"]
[Black "Ruslan Ponomariov"]
[WhiteElo "2732"]
[BlackElo "2712"]
[PlyCount "96"]

1. e4 e5 2. Nf3 Nc6 3. Bb5 Nf6 4. O-O Nxe4 5. Re1 Nd6 6. Nxe5
Be7 7. Bd3 Nxe5 8. Rxe5 O-O 9. Nc3 Bf6 10. Re1 b6 11. Nd5 Bb7
12. Qf3 Bxd5 13. Qxd5 Re8 14. Re3 h6 15. Bf1 Bg5 16. Rxe8+
Qxe8 17. d4 Bxc1 18. Rxc1 Rd8 19. Qe5 Qe6 20. Qxe6 dxe6 21. c3
Kf8 22. Be2 Ke7 23. Kf1 g6 24. Rd1 h5 25. h4 c5 26. g3 c4
27. Bf3 b5 28. a3 a5 29. Re1 b4 30. axb4 axb4 31. d5 bxc3
32. bxc3 Nb5 33. dxe6 Nxc3 34. exf7+ Kxf7 35. Re5 Nb1 36. Rc5
Nd2+ 37. Ke2 Nxf3 38. Kxf3 Rd3+ 39. Ke4 Rc3 40. Ke5 Rc2
41. Rc7+ Kg8 42. f4 Rc3 43. Kf6 Rxg3 44. Rc8+ Kh7 45. Rc7+ Kh6
46. Rc8 Kh7 47. Rc7+ Kh6 48. Rc8 Kh7 1/2-1/2